000 00482nam a2200169Ia 4500
999 _c26390
_d26390
003 OSt
005 20201221153356.0
008 190216s9999||||xx |||||||||||||| ||und||
040 _coclc
082 _a894.812
_bBAS/A
100 _aBasheer, M M
_97277
245 0 _aAashante Panipura /
_cM M Basheer
260 _bNbs kottayam,
_aKottayam:
300 _a167p
650 _aMalayalam-Malayalam Criticism
942 _cBK
_2ddc
_h894.812
_iBAS/A
_k894.812
_mBAS/A